| 000 | 00754nam a2200265Ia 4500 | ||
|---|---|---|---|
| 003 | OSt | ||
| 005 | 20220928112931.0 | ||
| 006 | a|||||r|||| 00| 0 | ||
| 007 | ta | ||
| 008 | 220927b |||||||| |||| 00| 0 eng d | ||
| 020 | _c430 | ||
| 024 | _a109655 | ||
| 037 |
_b646, 07/10/2010, Kitabghar Parkashan _cTextual |
||
| 040 |
_aSDCL _cSDCL _beng |
||
| 041 |
_2eng _aeng |
||
| 082 | _aO152,6N392x, Q0.1 | ||
| 100 | _aMishra Govind | ||
| 245 | 0 | _aRangon ki gandh.V1. | |
| 260 |
_aNew Delhi _bKitabghar Prakashan _c2010 |
||
| 300 |
_aV1:348P. _ccm. |
||
| 490 | _vV1:348P. | ||
| 650 |
_aHindi _9391598 |
||
| 942 |
_hO152,6N392x, Q0.1 _cTEXL _2CC |
||
| 999 |
_c747217 _d747217 |
||